Statistiques concernant Cyclisme : Podiums A travers les Flandres depuis 2007 !!!

Cliquez ici pour prendre le quiz!

Statistiques générales

  • Ce quiz a été pris 25 fois
  • Le résultat moyen est 25 sur 51

Statistiques - réponses

AnneésPlacePaysPrénomsNoms% Correct
20191er🇳🇱MatthieuVan der Poel
96%
20221er🇳🇱MatthieuVan der Poel
96%
20231er🇨🇵ChristopheLaporte
92%
20212eme🇨🇵ChristopheLaporte
92%
20222eme🇧🇪TiesjBenoot
88%
20172eme🇧🇪PhilippeGilbert
88%
20081er🇨🇵SylvainChavanel
80%
20122eme🇨🇵SylvainChavanel
80%
20193eme🇱🇺BobJungels
80%
20181er🇧🇪YvesLampaert
80%
20171er🇧🇪YvesLampaert
80%
20223eme🇬🇧TomPidcock
80%
20192eme🇨🇵AnthonyTurgis
80%
20233eme🇺🇲NeilsonPowless
76%
20112eme🇬🇧GeraintThomas
76%
20173eme🇰🇿AlexeyLutsenko
68%
20182eme🇳🇱MikeTeunissen
64%
20211er🇳🇱DylanVan Baarle
64%
20153eme🇳🇱DylanVan Baarle
64%
20203emeannuléannulé
60%
20202emeannuléannulé
60%
20201erannuléannulé
60%
20093eme🇧🇪TomBoonen
60%
20071er🇧🇪TomBoonen
60%
20183eme🇧🇪SepVanmarcke
60%
20213eme🇧🇪TimMerlier
56%
20141er🇳🇱NikiTerpstra
56%
20103eme🇳🇱NikiTerpstra
56%
20121er🇳🇱NikiTerpstra
56%
20162eme🇨🇵BryanCoquart
32%
20232eme🇪🇦Oier
Lazkano
32%
20152eme🇧🇪EdwardTheuns
28%
20163eme🇧🇪EdxardTheuns
28%
20151er🇧🇪JelleWallays
28%
20142eme🇺🇲ThylerFarrar
24%
20113eme🇺🇲TylerFarrar
24%
20073eme🇦🇺StuartO'Grady
24%
2010
1er🇩🇰MattiBreschel
20%
20132eme🇸🇮BorutBozic
16%
20143eme🇸🇮Borut
Bozic
16%
20102eme🇧🇪BjörnLeukemans
16%
20123eme🇳🇱KoenDe Kort
12%
20111er🇧🇪NickNuyens
12%
20161er🇧🇪JensDebusschere
8%
20131er🇮🇹OscarGatto
8%
20082eme🇳🇱StevenDe Jongh
4%
20092eme🇧🇪NikoEeckhout
4%
20083eme🇧🇪NikoEeckhout
4%
20072eme🇧🇪NikoEeckhout
4%
20133eme🇦🇺MatthewsHayman
4%
20091er🇧🇪KevinVan Impe
4%

Distribution des résultats

Percentile par nombre de réponses

% des personnes avec chaque résultat

Votre développement - résultats

Vous n’avez pas pris ce quiz